| 000 | 02016nam a2200421 a 4500 | ||
|---|---|---|---|
| 001 | ebr10137746 | ||
| 003 | CaPaEBR | ||
| 006 | m u | ||
| 007 | cr cn||||||||| | ||
| 008 | 030701m20039999onca sb 000 0 eng | ||
| 010 | _z 2003405332 | ||
| 020 | _z2869781148 (Codesria) | ||
| 020 | _z1552500012 (International Development Research Centre) | ||
| 020 | _z155250008X (v. 3) | ||
| 040 |
_aCaPaEBR _cCaPaEBR |
||
| 035 | _a(OCoLC)65220949 | ||
| 041 | 1 |
_aeng _hfre |
|
| 043 | _af------ | ||
| 050 | 1 | 4 |
_aHC800.Z9 _bI55813 2003eb |
| 082 | 0 | 4 |
_a338.96/02 _222 |
| 130 | 0 |
_aTechnologies de l'information et de la communication pour le d�eveloppement en Afrique. _lEnglish. |
|
| 245 | 1 | 0 |
_aInformation and communication technologies for development in Africa _h[electronic resource]. |
| 260 |
_aOttawa ; _aDakar : _bInternational Development Research Centre ; _aDakar : _bCouncil for the Development of Social Science Research in Africa, _cc2003-<c2004> |
||
| 300 |
_av. <1-3 > : _bill. |
||
| 504 | _aIncludes bibliographical references. | ||
| 505 | 1 | _av. 1. Opportunities and challenges for community development / edited by Ramata Molo Thioune -- v. 2. The experience with community telecenters / edited by Florence Ebam Etta and Sheila Parvyn-Wamahiu -- v. 3. Networking institutions of learning--Schoolnet -- | |
| 533 |
_aElectronic reproduction. _bPalo Alto, Calif. : _cebrary, _d2013. _nAvailable via World Wide Web. _nAccess may be limited to ebrary affiliated libraries. |
||
| 650 | 0 |
_aInformation technology _zAfrica. |
|
| 650 | 0 |
_aTelecommunication _zAfrica. |
|
| 650 | 0 |
_aTelecommuting centers _zAfrica. |
|
| 650 | 0 |
_aCommunity development _zAfrica. |
|
| 655 | 7 |
_aElectronic books. _2local |
|
| 700 | 1 | _aThioune, Ramata Molo. | |
| 710 | 2 | _aInternational Development Research Centre (Canada) | |
| 710 | 2 | _aCodesria. | |
| 710 | 2 | _aebrary, Inc. | |
| 856 | 4 | 0 |
_uhttp://site.ebrary.com/lib/rucke/Doc?id=10137746 _zAn electronic book accessible through the World Wide Web; click to view |
| 999 |
_c186228 _d186228 |
||